000 00745nam a2200253Ia 4500
003 OSt
005 20220918164553.0
006 a|||||r|||| 00| 0
007 ta
008 220917b |||||||| |||| 00| 0 eng d
020 _a0691013454
024 _a35,008
037 _cTextual
040 _aARTS
_cARTS
_beng
041 _2eng
_aeng
082 _aO111,1M83:g, K9
100 _aDijkstra Bram
_915528
245 0 _aCubism steiglitz and the early poetry of William Carolos Williams
_b the Hieroglyphics of a new speech
260 _aPriceton
_bPrinceton Univ Press
_c1969
300 _a218p.
_ccm.
650 _aENGLISH LITERATURE
942 _hO111,1M83:g, K9
_cTEXL
_2CC
999 _c125348
_d125348